| 000 | 00927nas a2200301 4500 | ||
|---|---|---|---|
| 001 | BR0800237 | ||
| 003 | BR-BrBNA | ||
| 005 | 20231205111440.0 | ||
| 007 | ta | ||
| 008 | 230509b bl.|||p| |||| 00| 00por d | ||
| 040 |
_aBR-BrBNA _bpor _cBiblioteca Nacional de Agricultura |
||
| 041 | _a(Pt) | ||
| 072 | _aL70 | ||
| 100 | 1 | _aFerreira, M. de L.G. | |
| 100 | 1 | _aCarvalho, C.V. da S. | |
| 100 | 1 | _aAlmosny, N.R. | |
| 100 | 1 | _aMartins, L.A.F. | |
| 100 | 1 | _aRomão, M.A. | |
| 100 | 1 | _aChaudon, M.B. de O. | |
| 245 | 1 | _aGasometria venosa em anestesia geral combinada (acepromazina, tiopental sódico e halotano)em cães | |
| 650 | _aCÃO | ||
| 650 | _aANESTESIA | ||
| 650 | _aSANGUE | ||
| 650 | _aGAS | ||
| 773 | 0 |
_tArquivos de Ciências Veterinárias e Zoologia da UNIPAR (Brazil) _xISSN 1415-8167 _g(Jan-Jun 2002), v. 5(1) p. 65-70 _wBR0800237 |
|
| 909 |
_a202311 _bLúcia _c55 _dLúcia Elande |
||
| 942 |
_2AGRIS _n0 _cANA |
||
| 999 |
_c192788 _d192788 |
||